| 000 | 00395nam a2200145Ia 4500 | ||
|---|---|---|---|
| 008 | 260514s2025 xx 000 0 und d | ||
| 041 | _aeng | ||
| 082 | _bM-3778 | ||
| 100 | _aDR. HIMANSU SAMAL | ||
| 245 | _aADVANCED BIOPHARMACEUTICS AND PHARMACOKINETICS | ||
| 260 |
_aPUNE _bEVEREST PUBLISHER HOUSE _c2025 |
||
| 300 | _aP.B/286 | ||
| 650 | _aPHARMACEUTICS | ||
| 700 | _aDRGURUDUTTA PATTNAIK | ||
| 999 |
_c1221633 _d1221633 |
||